2032 Summer Olympics Sports - Statistics

General Stats
  • This quiz has been taken 327 times
    319 since last reset
  • The average score is 18 of 28
Answer Stats
Sport % Correct
Aquatics
95%
Basketball
83%
Football
83%
Athletics
80%
Tennis
77%
Volleyball
74%
Gymnastics
73%
Archery
71%
Wrestling
70%
Cycling
68%
Judo
67%
Table tennis
67%
Badminton
64%
Equestrian
64%
Boxing
62%
Rowing
62%
Weightlifting
62%
Fencing
59%
Handball
59%
Shooting
59%
Golf
58%
Taekwondo
58%
Sailing
54%
Canoeing
50%
Field hockey
49%
Triathlon
42%
Rugby sevens
30%
Modern pentathlon
28%
No matching quizzes found
Score Distribution
Percent of People with Each Score
Percentile by Number Answered
Your Score History
You have not taken this quiz since the last reset